Shadows / John Saul.
Record details
- ISBN: 0553074741
- Physical Description: 390 pages ; 24 cm.
- Publisher: New York : Linda Grey Bantam Books, c1992.
Search for related items by subject
| Subject: | Horror tales. |
| LDR | 00639cam a2200217 a 4500 | ||
|---|---|---|---|
| 001 | 123744 | ||
| 003 | CONS | ||
| 005 | 20140703073301.0 | ||
| 008 | 920123s1992 nyu 000 1 eng | ||
| 010 | . | ‡a 92001317 //r92 | |
| 020 | . | ‡a0553074741 | |
| 035 | . | ‡a(CPomAG)LMN485254 | |
| 050 | 0 | 0. | ‡aPS3569.A787 ‡bS5 1992 |
| 082 | 0 | 0. | ‡a813/.54 ‡220 |
| 100 | 1 | . | ‡aSaul, John. |
| 245 | 1 | 0. | ‡aShadows / ‡cJohn Saul. |
| 260 | . | ‡aNew York : ‡bLinda Grey Bantam Books, ‡cc1992. | |
| 300 | . | ‡a390 pages ; ‡c24 cm. | |
| 650 | 0. | ‡aHorror tales. | |
| 959 | . | ‡i32269000326093 ‡lF Sau ‡aAdult - Fiction ‡tFiction ‡g19.50 | |
| 852 | . | ‡p32269000326093 ‡jF Sau ‡gAdult - Fiction ‡cFiction ‡y19.50 ‡bSBPL | |
| 901 | . | ‡a123744 ‡bUnknown ‡c123744 ‡tbiblio | |